Kolumbova loď prípravy učiteľov výtvarnej výchovy

Bibliographic Details
Main Author: Kocsis, Ernest, 1937- (Author)
Format: Article
Language:Slovak
PhysicalDescription:Obr.
ISBN:8080680671
Subjects:

MARC

LEADER 00000nab a2200000 a 4500
001 vtls010273738
003 SK-MaSNL
005 20260303092352.0
008 110426c2007 xo r m 000 00slo
015 |a SNBRA2011/05SVKPO 
038 |a SVKPO 
040 |a SVKPOCL  |b slo  |c SVKPOCL  |e AACR2 
041 0 |a slo 
044 |a xo  |c SK 
080 |a 72/76:37.016  |2 2001 
080 |a 37.02:74  |2 2001 
080 |a 37.011.3-051:74  |2 2001 
080 |a 37.0  |2 2001 
100 1 |a Kocsis, Ernest,  |d 1937-  |4 aut  |9 1101761 
245 1 0 |a Kolumbova loď prípravy učiteľov výtvarnej výchovy  |c Ernest Kocsis 
246 3 |a Columbus boat for preperation of art education teachers 
300 |a Obr. 
504 |a Bibliogr. odkazy 
546 |a Res. nem. angl. 
650 0 7 |a výtvarná výchova  |x vyučovanie  |2 svkpocl  |9 1081014 
650 0 7 |a učitelia výtvarnej výchovy  |x vzdelávanie  |2 svkpocl  |9 1101759 
650 0 7 |a artefiletika  |2 svkpocl  |9 110091 
773 0 |t Výtvarná výchova dnes a jej perspektívy : [zborník vybraných príspevkov zo sympózií SSEA/InSEA do roku 2000] / Anton Jusko a kolektív  |d Prešov : Polygraf print, spol. s r. o., 2007  |g S. 89-98  |z 8080680671 
852 |a SVKPO  |b KIS3GCP 
958 |a SK 
958 |a NB 
999 |c 1812008  |d 1813938